[Event "SC-2018-0-00364"]
[Site "LSS email"]
[Date "2018.11.23"]
[Round "?"]
[White "Pandey, Manoj"]
[Black "Pott, Brian"]
[Result "1-0"]
[WhiteElo "2129"]
[BlackElo "1756"]
[PlyCount "59"]
[EventDate "2018.10.13"]
[EventType "tourn (corr)"]
[EventRounds "6"]
[EventCountry "GER"]
[SourceTitle "Corr 2022"]
[Source "ChessBase"]
[SourceDate "2021.10.24"]
[SourceVersion "1"]
[SourceVersionDate "2021.10.24"]
[SourceQuality "1"]

1. e4 c5 2. Nf3 d6 3. d4 cxd4 4. Nxd4 Nf6 5. Nc3 g6 6. Be3 Bg7 7. f3 0-0 8. Qd2 Nc6 9. g4 Nxd4 10. Bxd4 Be6 11. h4 Qa5 12. h5 Rac8 13. a3 Bc4 14. h6 Bh8 15. 0-0-0 Bxf1 16. Rhxf1 Rc4 17. Qe3 Rfc8 18. Kb1 e5 19. Bxa7 Rxc3 20. bxc3 Ra8 21. Qb6 Qxa7 22. Qxa7 Rxa7 23. Rxd6 Ne8 24. Rd8 Kf8 25. g5 f6 26. Rd7 fxg5 27. Rxh7 Bf6 28. Rd7 Rxa3 29. Kb2 Ra6 30. Rxb7 1-0

[Event "SC-2018-0-00362"]
[Site "LSS email"]
[Date "2018.11.09"]
[Round "?"]
[White "Pott, Brian"]
[Black "Martins, Karin"]
[Result "0-1"]
[WhiteElo "1743"]
[BlackElo "1648"]
[PlyCount "66"]
[EventDate "2018.08.30"]
[EventType "tourn (corr)"]
[EventRounds "6"]
[EventCountry "GER"]
[SourceTitle "Corr 2022"]
[Source "ChessBase"]
[SourceDate "2021.10.24"]
[SourceVersion "1"]
[SourceVersionDate "2021.10.24"]
[SourceQuality "1"]

1. e4 e5 2. Nf3 Nc6 3. Bb5 a6 4. Ba4 Nf6 5. 0-0 Be7 6. Re1 b5 7. Bb3 d6 8. c3 0-0 9. h3 Bb7 10. d4 Re8 11. Nbd2 exd4 12. cxd4 Nd7 13. Nf1 Na5 14. Bc2 Bf6 15. Ng3 g6 16. Bh6 Nc4 17. b3 Na3 18. Bd3 b4 19. Rc1 Nb5 20. Bxb5 axb5 21. Qd2 c5 22. e5 dxe5 23. dxc5 Bxf3 24. gxf3 Nb8 25. Ne4 Nc6 26. Rcd1 Re6 27. f4 Be7 28. Qxd8+ Rxd8 29. Rxd8+ Bxd8 30. Ng5 Re7 31. Ne4 Re6 32. Nd6 Be7 33. Kg2 Bxd6 0-1

[Event "SC-2018-0-00362"]
[Site "LSS email"]
[Date "2018.11.09"]
[Round "?"]
[White "Rodriguez, Raul"]
[Black "Pott, Brian"]
[Result "1/2-1/2"]
[WhiteElo "1983"]
[BlackElo "1743"]
[PlyCount "94"]
[EventDate "2018.08.30"]
[EventType "tourn (corr)"]
[EventRounds "6"]
[EventCountry "GER"]
[SourceTitle "Corr 2022"]
[Source "ChessBase"]
[SourceDate "2021.10.24"]
[SourceVersion "1"]
[SourceVersionDate "2021.10.24"]
[SourceQuality "1"]

1. e4 e5 2. Nf3 Nc6 3. d4 exd4 4. Nxd4 Bc5 5. Nxc6 Qf6 6. Qf3 bxc6 7. Nc3 d6 8. Qg3 Qg6 9. Bd2 Rb8 10. Bc4 Ne7 11. f3 0-0 12. 0-0-0 Re8 13. Na4 Bd4 14. b3 Be5 15. Qxg6 Nxg6 16. Ba5 Bf4+ 17. Kb1 Re7 18. g3 Ne5 19. gxf4 Nxc4 20. Bc3 f6 21. Rhg1 Kf7 22. h4 Nb6 23. Nb2 d5 24. e5 Re8 25. Nd3 Bf5 26. Nc5 Nd7 27. Nxd7 Bxd7 28. Bd4 a5 29. h5 Bf5 30. Kb2 a4 31. Rd2 Rg8 32. Ka3 Bd7 33. b4 Rbf8 34. Re2 Re8 35. Rge1 f5 36. Rg1 Re6 37. Bc5 Rh6 38. Rh2 Be6 39. Bd4 Bd7 40. Bc5 Be6 41. Bd4 Bd7 42. Rgh1 c5 43. Bxc5 Bb5 44. Rg1 Be8 45. Rd1 Ke6 46. Rdh1 Bb5 47. Bd4 Be8 1/2-1/2

[Event "CP-2018-P-00018"]
[Site "LSS email"]
[Date "2018.09.27"]
[Round "?"]
[White "Domanov, Dmitry"]
[Black "Pott, Brian"]
[Result "1-0"]
[WhiteElo "2463"]
[BlackElo "1750"]
[PlyCount "73"]
[EventDate "2018.10.01"]
[EventType "tourn (corr)"]
[EventRounds "6"]
[EventCountry "GER"]
[SourceTitle "Corr 2022"]
[Source "ChessBase"]
[SourceDate "2021.10.24"]
[SourceVersion "1"]
[SourceVersionDate "2021.10.24"]
[SourceQuality "1"]

1. e4 e5 2. Nf3 Nc6 3. Bb5 a6 4. Ba4 Nf6 5. 0-0 Be7 6. Re1 b5 7. Bb3 d6 8. c3 0-0 9. h3 Na5 10. Bc2 c5 11. d4 Qc7 12. Nbd2 cxd4 13. cxd4 Nc6 14. Nb3 a5 15. Be3 a4 16. Nbd2 Bd7 17. Rc1 Qb7 18. Nf1 Rfe8 19. Ng3 g6 20. Qd2 Bf8 21. d5 Nb8 22. Nh4 Rc8 23. Bh6 Ne8 24. Bxf8 Kxf8 25. Qh6+ Kg8 26. Nhf5 gxf5 27. exf5 f6 28. Re4 Rc4 29. Bd1 Rxe4 30. Nxe4 Bxf5 31. Nxf6+ Nxf6 32. Qxf6 Qd7 33. Rc3 Na6 34. Rg3+ Bg6 35. Bg4 Qg7 36. Qxd6 Qc7 37. Qf6 1-0

[Event "SB-2018-0-00544"]
[Site "LSS email"]
[Date "2018.08.22"]
[Round "?"]
[White "Koronowski, Heinz Juergen"]
[Black "Pott, Brian"]
[Result "0-1"]
[WhiteElo "2059"]
[BlackElo "1741"]
[PlyCount "50"]
[EventDate "2018.07.23"]
[EventType "tourn (corr)"]
[EventRounds "6"]
[EventCountry "GER"]
[SourceTitle "Corr 2022"]
[Source "ChessBase"]
[SourceDate "2021.10.24"]
[SourceVersion "1"]
[SourceVersionDate "2021.10.24"]
[SourceQuality "1"]

1. e4 e5 2. Nf3 Nc6 3. d4 exd4 4. Nxd4 Bc5 5. Nb3 Bb6 6. Nc3 Nf6 7. Qe2 0-0 8. Bg5 Nd4 9. Qd2 Ne6 10. Be3 c6 11. 0-0-0 a5 12. Bxb6 Qxb6 13. Nd4 Re8 14. f3 d5 15. exd5 Nxd5 16. Nxd5 cxd5 17. h4 Bd7 18. Nxe6 Bxe6 19. h5 Rac8 20. h6 Bf5 21. Bd3 Bxd3 22. Qxd3 gxh6 23. Kb1 Rc5 24. Qd2 Re6 25. Rxh6 Rxh6 0-1

[Event "SB-2018-0-00544"]
[Site "LSS email"]
[Date "2018.08.22"]
[Round "?"]
[White "Langheld, Werner"]
[Black "Pott, Brian"]
[Result "1/2-1/2"]
[WhiteElo "1931"]
[BlackElo "1741"]
[PlyCount "73"]
[EventDate "2018.07.23"]
[EventType "tourn (corr)"]
[EventRounds "6"]
[EventCountry "GER"]
[SourceTitle "Corr 2022"]
[Source "ChessBase"]
[SourceDate "2021.10.24"]
[SourceVersion "1"]
[SourceVersionDate "2021.10.24"]
[SourceQuality "1"]

1. e4 e5 2. Nf3 Nc6 3. Bc4 Bc5 4. 0-0 Nf6 5. d3 d6 6. c3 a6 7. a4 0-0 8. h3 h6 9. Re1 Re8 10. b4 Ba7 11. Nbd2 Be6 12. Bxe6 Rxe6 13. Nf1 d5 14. Qc2 Qd7 15. Bd2 Rd8 16. exd5 Qxd5 17. b5 Ne7 18. Be3 c5 19. bxc6 Nxc6 20. Bxa7 Nxa7 21. Ne3 Qc5 22. Rab1 Qc7 23. d4 exd4 24. Nxd4 Ree8 25. Qb2 Rd7 26. Ndf5 Nc6 27. Rbd1 Red8 28. c4 Rxd1 29. Rxd1 Rxd1+ 30. Nxd1 Ne5 31. Nde3 Nxc4 32. Qc3 b5 33. Ng4 Ne8 34. axb5 axb5 35. Nxg7 Nxg7 36. Nf6+ Kf8 37. Nh7+ 1/2-1/2

[Event "SB-2018-0-00544"]
[Site "LSS email"]
[Date "2018.08.21"]
[Round "?"]
[White "Pott, Brian"]
[Black "Turoczi, Peter"]
[Result "0-1"]
[WhiteElo "1741"]
[BlackElo "1918"]
[PlyCount "46"]
[EventDate "2018.07.23"]
[EventType "tourn (corr)"]
[EventRounds "6"]
[EventCountry "GER"]
[SourceTitle "Corr 2022"]
[Source "ChessBase"]
[SourceDate "2021.10.24"]
[SourceVersion "1"]
[SourceVersionDate "2021.10.24"]
[SourceQuality "1"]

1. e4 d6 2. d4 Nf6 3. Nc3 Nbd7 4. Nf3 e5 5. Bc4 h6 6. dxe5 dxe5 7. Bxf7+ Kxf7 8. Nxe5+ Kg8 9. Ng6 Rh7 10. 0-0 Qe8 11. Nxf8 Nxf8 12. Re1 g5 13. e5 Rd7 14. Qf3 N6h7 15. h4 Qf7 16. Qe2 Rd4 17. hxg5 hxg5 18. f3 Rh4 19. Be3 Bf5 20. Bf2 Rh6 21. Rad1 Ne6 22. g3 Qh5 23. Qc4 Qh1# 0-1

[Event "WC-2018-S-00006"]
[Site "LSS email"]
[Date "2018.07.11"]
[Round "?"]
[White "Boni, Roberto"]
[Black "Pott, Brian"]
[Result "1/2-1/2"]
[WhiteElo "2087"]
[BlackElo "1739"]
[PlyCount "95"]
[EventDate "2018.07.15"]
[EventType "tourn (corr)"]
[EventRounds "12"]
[EventCountry "GER"]
[SourceTitle "Corr 2024"]
[Source "ChessBase"]
[SourceDate "2023.10.19"]
[SourceVersion "1"]
[SourceVersionDate "2023.10.19"]
[SourceQuality "1"]

1. Nf3 Nf6 2. c4 g6 3. Nc3 Bg7 4. e4 d6 5. d4 0-0 6. Be2 e5 7. 0-0 Nbd7 8. Be3 Re8 9. d5 Ng4 10. Bg5 f6 11. Bh4 Nh6 12. Nd2 Nf7 13. a3 g5 14. Bg3 Nf8 15. f3 Ng6 16. Re1 h5 17. Bf2 Nf4 18. Bf1 c5 19. dxc6 bxc6 20. Qc2 g4 21. fxg4 hxg4 22. Rad1 Qc7 23. c5 Rb8 24. cxd6 Nxd6 25. Be3 Ne6 26. Nb3 Bf8 27. Na4 Kg7 28. Nac5 Nf7 29. Bc4 Nf4 30. Kh1 Ng5 31. Rf1 Rd8 32. Nd3 Be6 33. Nxf4 Bxc4 34. Nh5+ Kg6 35. Qxc4 Rxd1 36. Rxd1 Kxh5 37. Bxg5 Kxg5 38. Rf1 Qd7 39. Qc1+ Kg6 40. Rd1 Qc7 41. Qc2 Rd8 42. Rf1 Qb6 43. Qc4 Bg7 44. Qe6 Kh6 45. Rg1 Kh7 46. Nc1 Qf2 47. Qxg4 Rd2 48. Qh3+ 1/2-1/2

[Event "WC-2018-S-00006"]
[Site "LSS email"]
[Date "2018.07.11"]
[Round "?"]
[White "Correa de Almeida, Claudio"]
[Black "Pott, Brian"]
[Result "1-0"]
[WhiteElo "1551"]
[BlackElo "1739"]
[PlyCount "53"]
[EventDate "2018.07.15"]
[EventType "tourn (corr)"]
[EventRounds "12"]
[EventCountry "GER"]
[SourceTitle "Corr 2024"]
[Source "ChessBase"]
[SourceDate "2023.10.19"]
[SourceVersion "1"]
[SourceVersionDate "2023.10.19"]
[SourceQuality "1"]

1. d4 Nf6 2. Nc3 g6 3. e4 d6 4. Be3 Bg7 5. Qd2 0-0 6. 0-0-0 c6 7. Bh6 b5 8. f3 b4 9. Nce2 Qa5 10. Kb1 Be6 11. Nc1 c5 12. d5 Bc8 13. h4 Nbd7 14. h5 Ne5 15. Nd3 Nxd3 16. Bxd3 Qc7 17. hxg6 fxg6 18. Bxg7 Kxg7 19. Qh6+ Kg8 20. Bc4 Rf7 21. g4 Rg7 22. Nh3 a5 23. e5 Nd7 24. f4 Nf8 25. f5 Ba6 26. Bxa6 Rxa6 27. Ng5 1-0

[Event "WC-2018-S-00006"]
[Site "LSS email"]
[Date "2018.07.11"]
[Round "?"]
[White "Pott, Brian"]
[Black "Lombart, Philippe"]
[Result "1/2-1/2"]
[WhiteElo "1739"]
[BlackElo "1812"]
[PlyCount "72"]
[EventDate "2018.07.15"]
[EventType "tourn (corr)"]
[EventRounds "12"]
[EventCountry "GER"]
[SourceTitle "Corr 2024"]
[Source "ChessBase"]
[SourceDate "2023.10.19"]
[SourceVersion "1"]
[SourceVersionDate "2023.10.19"]
[SourceQuality "1"]

1. e4 e5 2. Nf3 Nc6 3. Bb5 a6 4. Ba4 Nf6 5. 0-0 Nxe4 6. d4 b5 7. Bb3 d5 8. dxe5 Be6 9. Nbd2 Bc5 10. c3 0-0 11. Bc2 Nxf2 12. Rxf2 f6 13. exf6 Bxf2+ 14. Kxf2 Qxf6 15. Nf1 Ne5 16. Be3 Rae8 17. Bc5 Nxf3 18. gxf3 Rf7 19. Kg2 Qg5+ 20. Ng3 d4 21. Bxd4 c5 22. Bf2 Rxf3 23. Be4 Bh3+ 24. Kxh3 Rxf2 25. Qd5+ Qxd5 26. Bxd5+ Kf8 27. a4 Rxb2 28. c4 Re5 29. Rf1+ Ke7 30. Rf7+ Kd8 31. axb5 axb5 32. Rxg7 Rb4 33. Rg8+ Kd7 34. Rg7+ Kd8 35. Rg8+ Kd7 36. Rg7+ Kd8 1/2-1/2

[Event "SC-2018-0-00355"]
[Site "LSS email"]
[Date "2018.07.01"]
[Round "?"]
[White "Grillo, Roberto"]
[Black "Pott, Brian"]
[Result "1/2-1/2"]
[WhiteElo "1720"]
[BlackElo "1711"]
[PlyCount "96"]
[EventDate "2018.05.28"]
[EventType "tourn (corr)"]
[EventRounds "6"]
[EventCountry "GER"]
[SourceTitle "Corr 2022"]
[Source "ChessBase"]
[SourceDate "2021.10.24"]
[SourceVersion "1"]
[SourceVersionDate "2021.10.24"]
[SourceQuality "1"]

1. e4 c5 2. Nf3 d6 3. d4 cxd4 4. Nxd4 Nf6 5. Nc3 g6 6. Be3 Bg7 7. f3 0-0 8. Qd2 Nc6 9. Bc4 Bd7 10. 0-0-0 Rc8 11. Bb3 Ne5 12. Kb1 Re8 13. h4 h5 14. Bh6 Nc4 15. Bxc4 Rxc4 16. Bxg7 Kxg7 17. g4 hxg4 18. h5 Rh8 19. hxg6 fxg6 20. f4 Rxh1 21. Rxh1 Kf7 22. Qd3 Rc5 23. e5 dxe5 24. Nb3 Rc8 25. fxe5 Bc6 26. Rf1 Qxd3 27. cxd3 Rh8 28. Nd4 Rh1 29. Rxh1 Bxh1 30. exf6 exf6 31. Kc2 f5 32. Nde2 Ke6 33. Kd2 Kf6 34. d4 g5 35. Ng3 Bg2 36. Ke1 Bf3 37. Kf2 b6 38. Nf1 Bb7 39. Nd2 Ke6 40. Kg3 Bc8 41. Nc4 Kf6 42. Kg2 f4 43. d5 Bf5 44. Nd6 Bd7 45. Nde4+ Kf5 46. Nd6+ Kf6 47. Nde4+ Kf5 48. Nd6+ Kf6 1/2-1/2

[Event "SC-2018-0-00343"]
[Site "LSS email"]
[Date "2018.01.26"]
[Round "?"]
[White "Pott, Brian"]
[Black "Kapatos, Endre"]
[Result "1/2-1/2"]
[WhiteElo "1763"]
[BlackElo "1721"]
[PlyCount "32"]
[EventDate "2017.12.17"]
[EventType "tourn (corr)"]
[EventRounds "6"]
[EventCountry "GER"]
[SourceTitle "Corr 2022"]
[Source "ChessBase"]
[SourceDate "2021.10.24"]
[SourceVersion "1"]
[SourceVersionDate "2021.10.24"]
[SourceQuality "1"]

1. e4 Nf6 2. Nc3 d5 3. exd5 Nxd5 4. Nxd5 Qxd5 5. Nf3 Nc6 6. d4 e5 7. Be3 Bg4 8. dxe5 Qa5+ 9. c3 Bc5 10. Qd5 Bxe3 11. Qxa5 Bxf2+ 12. Kxf2 Nxa5 13. Rd1 Ke7 14. Bb5 Rhd8 15. Kg3 a6 16. Be2 Be6 1/2-1/2

[Event "SC-2018-0-00343"]
[Site "LSS email"]
[Date "2018.01.26"]
[Round "?"]
[White "Pott, Brian"]
[Black "Malmstrom, Jan"]
[Result "1-0"]
[WhiteElo "1763"]
[BlackElo "1753"]
[PlyCount "147"]
[EventDate "2017.12.17"]
[EventType "tourn (corr)"]
[EventRounds "6"]
[EventCountry "GER"]
[SourceTitle "Corr 2022"]
[Source "ChessBase"]
[SourceDate "2021.10.24"]
[SourceVersion "1"]
[SourceVersionDate "2021.10.24"]
[SourceQuality "1"]

1. e4 e5 2. Nf3 Nc6 3. Bb5 a6 4. Ba4 Nf6 5. 0-0 Nxe4 6. d4 b5 7. Bb3 d5 8. dxe5 Be6 9. Nbd2 Nc5 10. c3 Bg4 11. Bc2 Be7 12. Re1 d4 13. Nb3 d3 14. Bb1 Nxb3 15. axb3 Bf5 16. Re3 Bc5 17. Rxd3 Bxd3 18. Bxd3 Qd5 19. Qe2 Rd8 20. Bc2 0-0 21. Bf4 h6 22. h3 Bb6 23. b4 Ne7 24. Be3 Bxe3 25. Qxe3 Qc4 26. Rxa6 Nd5 27. Qe4 Qxe4 28. Bxe4 Nf4 29. Ra1 f6 30. e6 Nxe6 31. Bc6 Rd6 32. Bxb5 Rfd8 33. Bc4 Kh8 34. Kh2 g6 35. b5 Rb6 36. Re1 Ng7 37. Nd4 Rd7 38. Ra1 Rbd6 39. g4 Kh7 40. f4 f5 41. Ra8 fxg4 42. hxg4 Rd8 43. Ra6 Ne8 44. Kg3 R8d7 45. Ne6 Re7 46. g5 Rb6 47. Nxc7 Rxa6 48. Nxa6 Nd6 49. Bf1 hxg5 50. fxg5 Re5 51. b6 Rxg5+ 52. Kf2 Rf5+ 53. Ke1 Ra5 54. Nb4 Ra8 55. Be2 Rc8 56. Nd5 Kg7 57. b3 Nf7 58. c4 Ne5 59. Kd2 g5 60. b4 g4 61. Ne3 g3 62. c5 Rf8 63. Bb5 Ng4 64. Ng2 Nf6 65. Ke3 Kg6 66. Nf4+ Kf5 67. Bd3+ Kg4 68. Bc4 Rb8 69. Be6+ Kg5 70. Kf3 g2 71. Nxg2 Rf8 72. Ke3 Re8 73. Nf4 Ng4+ 74. Kd4 1-0